000 00869nam a2200313Ia 4500
003 OSt
005 20220912150242.0
006 a|||||r|||| 00| 0
007 ta
008 220909b |||||||| |||| 00| 0 eng d
020 _a0863801579 (hbd)
024 _a6184
037 _cTextual
040 _aCSL
_beng
_cCSL
041 _aeng
082 _aI32, N4 TI
100 _aBhatla Satish C
245 0 _aMoss protonema differentiation
260 _aTaunton,Somerset Research Studies Press Ltd
_c1994
300 _axviii,296p
490 _aResearch studies in botany and related applied fields
500 _aBibliographical references 255-291p; Index 292-296p.
_ccm.
650 _a Bryophyta
650 _a Moss
650 _a Musci
650 _aBotany
942 _hI32, N4 TI
_cTEXL
_2CC
999 _c43027
_d43027